| 000 | 00676nam a2200241 a 4500 | ||
|---|---|---|---|
| 008 | |||
| 020 | _a0521575400 (pbk.) | ||
| 049 | _aMAIN | ||
| 090 | _aQA241 | ||
| 100 | 1 | _aBurn, R. P. | |
| 245 | 1 | 2 |
_aA pathway into number theory / _cR. P. Burn. |
| 250 | _a2nd ed. | ||
| 260 |
_aCambridge : _bCambridge University Press, _c1997. |
||
| 300 |
_axv, 262 p. ; _c23 cm. |
||
| 504 | _aIncludes bibliographical references : p. 257-259. | ||
| 500 | _aIncludes index. | ||
| 650 | 0 | _aNumber theory. | |
| 907 |
_a.b1000032x _b06-10-03 _c17-04-03 |
||
| 003 | |||
| 005 | 20230123133108.0 | ||
| 040 | _cNUST | ||
| 942 |
_cBOOKS _kQA241 |
||
| 999 |
_c142658 _d142658 |
||